1982 FIFA World Cup Host Cities and Stadiums - Statistics

General Stats
  • This quiz has been taken 44 times
  • The average score is 19 of 31
Answer Stats
Picture Hint Answer % Correct
Spain Barcelona
100%
Spain Madrid
100%
Spain Sevilla
100%
Spain València
100%
Spain Bilbao
95%
Spain Málaga
91%
5 games | Capacity: 121.401 Camp Nou
82%
Spain Vigo
77%
Spain Zaragoza
77%
4 games | Capacity: 90.089 Estadio Santiago Bernabéu
73%
Spain Alicante
68%
Spain A Coruña
64%
Spain Gijón
64%
2 games | Capacity: 68.110 Estadio Ramón Sánchez-Pizjuán
59%
3 games | Capacity: 46.223 Estadio San Mamés
59%
Spain Valladolid
59%
3 games | Capacity: 49.562 Estadio Luis Casanova
55%
3 games | Capacity: 65.695 Estadio Vicente Calderón
55%
2 games | Capacity: 50.253 Estadio Benito Villamarín
50%
Spain Elche
45%
Spain Oviedo
45%
3 games | Capacity: 40.400 Estadi de Sarrià
41%
3 games | Capacity: 41.806 Estadio La Romareda
41%
2 games | Capacity: 45.000 Estadio La Rosaleda
41%
3 games | Capacity: 34.190 Estadio Municipal de Riazor
41%
3 games | Capacity: 33.000 Estadio Municipal de Balaídos
36%
3 games | Capacity: 45.153 Estadio Municipal El Molinón
36%
3 games | Capacity: 30.043 Estadio Municipal José Zorrilla
32%
3 games | Capacity: 53.290 Nuevo Estadio del Elche C.F.
32%
3 games | Capacity: 23.500 Estadio Carlos Tartiere
27%
3 games | Capacity: 32.500 Estadio José Rico Pérez
27%
No matching quizzes found
Score Distribution
Percent of People with Each Score
Percentile by Number Answered
Your Score History
You have not taken this quiz